| 000 | 00808nam a2200265Ia 4500 | ||
|---|---|---|---|
| 008 | 160404s9999 xx 000 0 und d | ||
| 020 | _a971-30-1240-2 | ||
| 050 | _aFIL RM 216 | ||
| 050 | _b.R85 2004 c.2 | ||
| 100 | _aRuiz, Adela Jamorabo - | ||
| 245 | _aMedical nutrition therapy : | ||
| 245 | _bfor Filipinos / | ||
| 245 | _cAdela Jamorabo - Ruiz, Virginia S. Claudio, Esperanza E. de Castro. | ||
| 260 | _aManila : | ||
| 260 | _bMerriam and Webster Bookstore, Inc., | ||
| 260 | _c2004 | ||
| 300 | _aA-52 pages : | ||
| 300 | _billustrations ; | ||
| 300 | _c25 cm. | ||
| 500 | _aIncludes index. | ||
| 650 | _aDiet theraphy -- Study and teaching (Higher). | ||
| 650 | _aDiet therapy. | ||
| 650 | _xDiet theraphy -- Philippines -- Textbooks. | ||
| 650 | _xFood -- Analysis -- Tables. | ||
| 999 |
_c293109 _d293109 |
||